The Astronomical Almanac For the Year 1981 / (Record no. 617364)

000 -LEADER
fixed length control field 00440nam a22001337a 4500
020 ## - INTERNATIONAL STANDARD BOOK NUMBER
Qualifying information HB.
040 ## - CATALOGING SOURCE
Transcribing agency FIZZA ISHAQ
082 ## - DEWEY DECIMAL CLASSIFICATION NUMBER
Classification number 528
Author Mark AST
100 ## - MAIN ENTRY--PERSONAL NAME
Personal name Office , Nautical Almanac.
9 (RLIN) 134386
245 ## - TITLE STATEMENT
Title The Astronomical Almanac For the Year 1981 /
Statement of responsibility, etc. Nautical Almanac Office.
260 ## - PUBLICATION, DISTRIBUTION, ETC.
Place of publication, distribution, etc. Washington, D.C. :
Name of publisher, distributor, etc. Government Printing Office,
Date of publication, distribution, etc. 1980.
300 ## - PHYSICAL DESCRIPTION
Extent various pagings : illustrations, charts, tables ;
Dimensions 25 cm
942 ## - ADDED ENTRY ELEMENTS (KOHA)
Source of classification or shelving scheme
Koha item type Book
Holdings
Withdrawn status Lost status Source of classification or shelving scheme Damaged status Not for loan Permanent Location Current Location Shelving location Date acquired Total Checkouts Full call number Barcode Date last seen Price effective from Koha item type
          NUST Baluchistan Campus (NBC) NUST Baluchistan Campus (NBC) Reference 05/08/2026   528 AST QD-599 05/08/2026 05/08/2026 Book
© 2023 Central Library, National University of Sciences and Technology. All Rights Reserved.